|
|
|
|
| LEADER |
00000nam0a2200000 4500 |
| 001 |
252430 |
| 005 |
20231101232741.0 |
| 010 |
|
|
|a 5020019755
|
| 035 |
|
|
|a (RuTPU)RU\TPU\book\274771
|
| 090 |
|
|
|a 252430
|
| 100 |
|
|
|a 20140303d1989 k y0rusy50 ca
|
| 101 |
0 |
|
|a rus
|
| 102 |
|
|
|a RU
|
| 105 |
|
|
|a a z 001zy
|
| 200 |
1 |
|
|a Системный подход в геологии
|e сборник научных трудов
|f Московский институт нефти и газа им. И. М. Губкина (МИНГ) ; под ред. А. Н. Дмитриевского
|
| 210 |
|
|
|a Москва
|c Наука
|d 1989
|
| 215 |
|
|
|a 221 с.
|c ил.
|
| 320 |
|
|
|a Библиогр. в конце ст.
|
| 606 |
1 |
|
|a Геологическая наука
|x Методология
|2 stltpush
|3 (RuTPU)RU\TPU\subj\6037
|9 34001
|
| 610 |
1 |
|
|a геология
|
| 610 |
1 |
|
|a системный подход
|
| 610 |
1 |
|
|a геологические исследования
|
| 610 |
1 |
|
|a системные методы
|
| 610 |
1 |
|
|a практическое использование
|
| 610 |
1 |
|
|a прогнозирование
|
| 610 |
1 |
|
|a полезные ископаемые
|
| 610 |
1 |
|
|a поиски
|
| 610 |
1 |
|
|a разведка
|
| 610 |
1 |
|
|a аэрокосмические методы
|
| 610 |
1 |
|
|a программно-целевое управление
|
| 675 |
|
|
|a 55.001
|v 3
|
| 702 |
|
1 |
|a Дмитриевский
|b А. Н.
|4 340
|
| 712 |
0 |
2 |
|a Московский институт нефти и газа им. И. М. Губкина (МИНГ)
|c (1985-1991)
|2 stltpush
|3 (RuTPU)RU\TPU\col\13869
|
| 801 |
|
1 |
|a RU
|b 63413507
|c 20140303
|
| 801 |
|
2 |
|a RU
|b 63413507
|c 20140415
|g RCR
|
| 942 |
|
|
|c BK
|